Akiba: how to efficiently read a book(Chinese Edition) / (Record no. 591721)

000 -LEADER
fixed length control field 00401nam a22001217a 4500
020 ## - INTERNATIONAL STANDARD BOOK NUMBER
International Standard Book Number 9787550248014
082 ## - DEWEY DECIMAL CLASSIFICATION NUMBER
Classification number 371.30281
Author Mark QIU
245 ## - TITLE STATEMENT
Title Akiba: how to efficiently read a book(Chinese Edition) /
Statement of responsibility, etc. QIU YE ( ZHANG ZHI )
260 ## - PUBLICATION, DISTRIBUTION, ETC.
Place of publication, distribution, etc. Beijing :
Name of publisher, distributor, etc. Joint Publishing Company,
Date of publication, distribution, etc. 2015.
300 ## - PHYSICAL DESCRIPTION
Extent 234 p. ;
Dimensions 24 cm.
880 ## - ALTERNATE GRAPHIC REPRESENTATION
Linkage 245-02\r
Title 秋叶原:如何有效地阅读一本书 /
942 ## - ADDED ENTRY ELEMENTS (KOHA)
Source of classification or shelving scheme
Koha item type Book
Holdings
Withdrawn status Lost status Source of classification or shelving scheme Damaged status Not for loan Permanent Location Current Location Shelving location Date acquired Source of acquisition Total Checkouts Full call number Barcode Date last seen Price effective from Koha item type
          Central Library (CL) Central Library (CL) Chinese Studies 10/12/2022 Donated by China Embassy   371.30281 QIU CL-D-2068 10/12/2022 10/12/2022 Book
© 2023 Central Library, National University of Sciences and Technology. All Rights Reserved.